| 000 | 00452nam a2200193Ia 4500 | ||
|---|---|---|---|
| 008 | 180207s9999 xx 000 0 und d | ||
| 020 | _a9789810950231 | ||
| 050 | _bG348 2015 | ||
| 100 | _aGeorge, Joshua | ||
| 245 | _aTiny whale : | ||
| 245 | _ba fishy tale / | ||
| 245 | _cby Joshua George. | ||
| 260 | _aNew York : | ||
| 260 | _bScholastic, | ||
| 260 | _c2015 | ||
| 300 | _aunpaged : | ||
| 300 | _bcolor illustration ; | ||
| 300 | _c25cm. | ||
| 999 |
_c355512 _d355512 |
||